Машины и аппараты химических производств. Ч. 2: учебное пособие
| מחבר ראשי: | |
|---|---|
| מחבר תאגידי: | |
| מחברים אחרים: | |
| סיכום: | Заглавие с титульного экрана Электронная версия печатной публикации Пособие является второй частью, выпущенной в дополнение к первой части учебного пособия по МАХП. Содержит описание конструкций и некоторых технологических и прочностных расчетов выпарных установок, тепловой изоляции, кристаллизаторов, оборудования по разделению жидких и газообразных неоднородных систем, машин для измельчения, классификации и дозирования твердых сыпучих материалов, аппаратов с перемешивающими устройствами. Предназначено для студентов, обучающихся по специальности 240801 "Машины и аппараты химических производств" Режим доступа: из корпоративной сети ТПУ |
| שפה: | רוסית |
| יצא לאור: |
Томск, Изд-во ТПУ, 2012
|
| נושאים: | |
| גישה מקוונת: | http://www.lib.tpu.ru/fulltext2/m/2013/m075.pdf |
| פורמט: | אלקטרוני ספר |
| KOHA link: | https://koha.lib.tpu.ru/cgi-bin/koha/opac-detail.pl?biblionumber=235489 |
MARC
| LEADER | 00000nam0a2200000 4500 | ||
|---|---|---|---|
| 001 | 235489 | ||
| 005 | 20250603102231.0 | ||
| 035 | |a (RuTPU)RU\TPU\book\256626 | ||
| 090 | |a 235489 | ||
| 100 | |a 20130410d2012 m y0rusy50 ca | ||
| 101 | 0 | |a rus | |
| 102 | |a RU | ||
| 105 | |a a j 001zy | ||
| 135 | |a drcn ---uucaa | ||
| 181 | 0 | |a i | |
| 182 | 0 | |a b | |
| 200 | 1 | |a Машины и аппараты химических производств. Ч. 2 |e учебное пособие |f О. К. Семакина, В. М. Миронов |g Национальный исследовательский Томский политехнический университет (ТПУ), Институт природных ресурсов (ИПР), Кафедра общей химической технологии (ОХТ) | |
| 203 | |a Текст |c электронный | ||
| 210 | |a Томск |c Изд-во ТПУ |d 2012 | ||
| 300 | |a Заглавие с титульного экрана | ||
| 300 | |a Электронная версия печатной публикации | ||
| 330 | |a Пособие является второй частью, выпущенной в дополнение к первой части учебного пособия по МАХП. Содержит описание конструкций и некоторых технологических и прочностных расчетов выпарных установок, тепловой изоляции, кристаллизаторов, оборудования по разделению жидких и газообразных неоднородных систем, машин для измельчения, классификации и дозирования твердых сыпучих материалов, аппаратов с перемешивающими устройствами. Предназначено для студентов, обучающихся по специальности 240801 "Машины и аппараты химических производств" | ||
| 333 | |a Режим доступа: из корпоративной сети ТПУ | ||
| 337 | |a Adobe Reader | ||
| 606 | 1 | |a Химические процессы и установки в целом |2 stltpush |3 (RuTPU)RU\TPU\subj\72033 |9 85649 | |
| 610 | 1 | |a электронный ресурс | |
| 610 | 1 | |a учебные пособия | |
| 610 | 1 | |a труды учёных ТПУ | |
| 610 | 1 | |a химическая промышленность | |
| 610 | 1 | |a выпарные аппараты | |
| 610 | 1 | |a выпаривание | |
| 610 | 1 | |a тепловая изоляция | |
| 610 | 1 | |a расчет | |
| 610 | 1 | |a кристаллизация | |
| 610 | 1 | |a кристаллизаторы | |
| 610 | 1 | |a неоднородные системы | |
| 610 | 1 | |a разделение | |
| 610 | 1 | |a дробильно-размольное оборудование | |
| 610 | 1 | |a сыпучие материалы | |
| 610 | 1 | |a перемешивающие устройства | |
| 675 | |a 66.02(075.8) |v 3 | ||
| 700 | 1 | |a Семакина |b О. К. |c химик-технолог |c доцент Томского политехнического университета, кандидат технических наук |f 1955- |g Ольга Константиновна |9 12062 | |
| 701 | 1 | |a Миронов |b В. М. |c химик-технолог |c доцент Томского политехнического университета, кандидат технических наук |f 1935- |g Владимир Михайлович |9 12403 | |
| 712 | 0 | 2 | |a Национальный исследовательский Томский политехнический университет |c (2009- ) |9 26305 |
| 801 | 1 | |a RU |b 63413507 |c 20130410 | |
| 850 | |a 63413507 | ||
| 856 | 4 | |u http://www.lib.tpu.ru/fulltext2/m/2013/m075.pdf | |
| 942 | |c CF | ||